Superhero Movies That People Hate - Statistics

General Stats
  • This quiz has been taken 73 times
    51 since last reset
  • The average score is 9 of 21
Answer Stats
Year Movie Director Comic Universe % Correct
2017 Justice League Joss Whedon DC DC Extended Universe
76%
2016 Suicide Squad David Ayer DC DC Extended Universe
66%
2013 Thor: The Dark World Alan Taylor Marvel Marvel Cinematic Universe
59%
2013 Iron Man 3 Shane Black Marvel Marvel Cinematic Universe
56%
2011 Green Lantern Martin Campbell DC N/A
54%
2003 Hulk Ang Lee Marvel N/A
51%
2022 Morbius Daniel Espinosa Marvel Sony Spider-Verse
51%
2021 Eternals Chloe Zhao Marvel Marvel Cinematic Universe
49%
2023 The Flash Andy Muschietti DC DC Extended Universe
49%
2020 Wonder Woman 1984 Patty Jenkins DC DC Extended Universe
46%
2022 Doctor Strange in the Multiverse of Madness Sam Raimi Marvel Marvel Cinematic Universe
44%
2005 Elektra Rob Bowman Marvel Daredevil Universe
44%
2015 Fantastic Four Josh Trank Marvel N/A
44%
1986 Howard the Duck Willard Huyck Marvel N/A
37%
2023 Ant-Man and the Wasp: Quantumania Peyton List Marvel Marvel Cinematic Universe
34%
2016 Batman V. Superman: Dawn of Justice Zack Snyder DC DC Extended Universe
34%
2022 Black Adam Jaume Collet-Serra DC DC Extended Universe
32%
2004 Catwoman Pitof DC N/A
32%
1984 Supergirl Jeannot Szwarc DC Christopher Reeve Universe
29%
1987 Superman IV: The Quest For Peace Sidney J. Furie DC Christopher Reeve Universe
27%
2011 Ghost Rider: Spirit of Vengeance Mark Neveldine Brian Taylor Marvel N/A
20%
No matching quizzes found
Score Distribution
Percent of People with Each Score
Percentile by Number Answered
Your Score History
You have not taken this quiz since the last reset